000 00441nam a2200181Ia 4500
008 090123s9999 xx 000 0 und d
082 _b41059
100 _aकदम अनंत
245 _aदरी
250 _a1
260 _bअनघा प्रकाशन
_c2007
300 _a120
600 _aकदम अनंत
630 _aदरी
700 _aकदम अनंत
730 _aदरी
942 _cBOOK
999 _c79132
_d79132